Computational Problems in Engineering

This book provides readers with modern computational techniques for solving variety of problems from electrical, mechanical, civil and chemical engineering. Mathematical methods are presented in a unified manner, so they can be applied consistently to problems in applied electromagnetics, strength o...

Full description

Bibliographic Details
Corporate Author: SpringerLink (Online service)
Other Authors: Mastorakis, Nikos (Editor), Mladenov, Valeri (Editor)
Format: Electronic eBook
Language:English
Published: Cham : Springer International Publishing : Imprint: Springer, 2014.
Series:Lecture Notes in Electrical Engineering, 307
Subjects:
Online Access:Full Text via HEAL-Link
LEADER 03345nam a22005175i 4500
001 978-3-319-03967-1
003 DE-He213
005 20151030021239.0
007 cr nn 008mamaa
008 140604s2014 gw | s |||| 0|eng d
020 |a 9783319039671  |9 978-3-319-03967-1 
024 7 |a 10.1007/978-3-319-03967-1  |2 doi 
040 |d GrThAP 
050 4 |a TA329-348 
050 4 |a TA640-643 
072 7 |a TBJ  |2 bicssc 
072 7 |a MAT003000  |2 bisacsh 
082 0 4 |a 519  |2 23 
245 1 0 |a Computational Problems in Engineering  |h [electronic resource] /  |c edited by Nikos Mastorakis, Valeri Mladenov. 
264 1 |a Cham :  |b Springer International Publishing :  |b Imprint: Springer,  |c 2014. 
300 |a XII, 311 p. 177 illus., 135 illus. in color.  |b online resource. 
336 |a text  |b txt  |2 rdacontent 
337 |a computer  |b c  |2 rdamedia 
338 |a online resource  |b cr  |2 rdacarrier 
347 |a text file  |b PDF  |2 rda 
490 1 |a Lecture Notes in Electrical Engineering,  |x 1876-1100 ;  |v 307 
505 0 |a Noise Reduction at the Fan Outlet -- Performance Evaluation of Gibbs Sampling for Bayesian Extracting Sinusoids -- Controlling Chaotic Systems via Time-Delayed Control -- Analytical Results for a Small Multiple-Layer Parking System -- Three Dimensional Pulsatile Non-Newtonian Flow in a Stenotic Vessel -- A Polynomial Matrix Approach to the Descriptor Systems -- Analysis of the Electric Field Distribution in a Wire-Cylinder Electrode Configuration -- Oblique Newtonian Fluid Flow with Heat Transfer towards a Stretching Sheet -- Double Allee Effects on Prey in a Modified Rosenzweig-Macarthur Predator-Prey Model -- Buckling of Plates on Rotationally and Warping Restrained Supports. 
520 |a This book provides readers with modern computational techniques for solving variety of problems from electrical, mechanical, civil and chemical engineering. Mathematical methods are presented in a unified manner, so they can be applied consistently to problems in applied electromagnetics, strength of materials, fluid mechanics, heat and mass transfer, environmental engineering, biomedical engineering, signal processing, automatic control and more.   • Features contributions from distinguished researchers on significant aspects of current numerical methods and computational mathematics; • Presents actual results and innovative methods that provide numerical solutions, while minimizing computing times; • Includes new and advanced methods and modern variations of known techniques that can solve difficult scientific problems efficiently.  . 
650 0 |a Engineering. 
650 0 |a Numerical analysis. 
650 0 |a Physics. 
650 0 |a Applied mathematics. 
650 0 |a Engineering mathematics. 
650 1 4 |a Engineering. 
650 2 4 |a Appl.Mathematics/Computational Methods of Engineering. 
650 2 4 |a Mathematical Methods in Physics. 
650 2 4 |a Numeric Computing. 
700 1 |a Mastorakis, Nikos.  |e editor. 
700 1 |a Mladenov, Valeri.  |e editor. 
710 2 |a SpringerLink (Online service) 
773 0 |t Springer eBooks 
776 0 8 |i Printed edition:  |z 9783319039664 
830 0 |a Lecture Notes in Electrical Engineering,  |x 1876-1100 ;  |v 307 
856 4 0 |u http://dx.doi.org/10.1007/978-3-319-03967-1  |z Full Text via HEAL-Link 
912 |a ZDB-2-ENG 
950 |a Engineering (Springer-11647)